| 000 | 02263nam a22003617a 4500 | ||
|---|---|---|---|
| 001 | 100878 | ||
| 003 | KnowledgeUnlatched | ||
| 005 | 20210303105332.0 | ||
| 006 | m o d | ||
| 007 | cr u|||||||||| | ||
| 008 | 210129p20102018enk o u00| u eng d | ||
| 035 | _a(OCoLC)730514994 | ||
| 037 | _5BiblioBoard | ||
| 245 | 0 | 4 |
_aThe Roman Empire _bRoots of Imperialism / _cNeville Morley. |
| 020 | _a9781849645478 | ||
| 029 | 1 | _ahttps://library.biblioboard.com/ext/api/media/53a4e070-a0bb-4128-a319-e5017e39e208/assets/thumbnail.jpg | |
| 040 |
_aScCtBLL _cScCtBLL |
||
| 100 | 1 |
_aMorley, Neville _eauthor. |
|
| 264 | 1 | _bPluto Press, | |
| 300 | _a1 online resource. | ||
| 506 | 0 |
_aAccess copy available to the general public. _fUnrestricted _2star |
|
| 520 | _aA millennium and a half after the end of the period of its unquestioned dominance, Rome remains a significant presence in western culture. This book explores what the empire meant to its subjects. The idea of Rome has long outlived the physical empire that gave it form, and now holds sway over vastly more people and a far greater geographical area than the Romans ever ruled. It continues to shape our understanding of the nature of imperialism, and thus, however subtly, to influence the workings of the world. Unlike most works on Roman history, this book does not offer a simplistic narrative, with military triumph followed by decline and fall. Instead, it analyses the origins and nature of Roman imperialism, its economic, social and cultural impact on the regions it conquered, and its continuing influence in discussions and debates about modern imperialism. | ||
| 588 | 0 | _aDescription based on print version record. | |
| 590 | _aKU Select 2017: Backlist Collection | ||
| 650 | 7 |
_aHistory / Ancient / Rome _2bisacsh |
|
| 650 | 0 | _aHistory | |
| 655 | 0 | _aElectronic books. | |
| 758 |
_iIs found in: _aKnowledge Unlatched _1https://openresearchlibrary.org/module/2774bc74-146a-484f-a7ba-ab1d6a09bbfb |
||
| 856 | 4 | 0 |
_uhttps://openresearchlibrary.org/content/53a4e070-a0bb-4128-a319-e5017e39e208 _zView this content on Open Research Library. _70 |
| 999 |
_c34171 _d34171 |
||